| 000 | 00518nam a2200229Ia 4500 | ||
|---|---|---|---|
| 005 | 20251020182522.0 | ||
| 008 | 200515s9999 xx 000 0 und d | ||
| 082 | _a69:057.6/L36/1977 | ||
| 100 | _aLEDO OVIES, José | ||
| 245 | 0 | _aAndamios apeos y entibaciones | |
| 260 | _aBarcelona | ||
| 260 | _c1977 | ||
| 500 | _a1 ejemplar | ||
| 650 | _aANDAMIOS | ||
| 650 | _aAPEOS | ||
| 650 | _aCONSTRUCCION | ||
| 650 | _aENTIBACIONES | ||
| 650 | _aLIB | ||
| 650 | _aMONTACARGAS | ||
| 650 | _aPOZOS | ||
| 942 | _cLIB | ||
| 999 |
_c1771 _d1771 |
||